| 000 | 00792nam a22002177a 4500 | ||
|---|---|---|---|
| 008 | 090313t xxu||||| |||| 00| 0 eng d | ||
| 010 | _aENG-93211 | ||
| 020 |
_a9788190745505 _c90.00 |
||
| 035 | _aEN-76744 | ||
| 037 | _bDBAD / PUB | ||
| 040 |
_adpl _bEnglish |
||
| 082 | _a343.54052 | ||
| 100 | _aVeerappan, S. | ||
| 245 |
_aIncome tax law & practice / _cby S. Veerappan |
||
| 260 |
_aPerambalur _bYazhuni Veliyeedu _c2008 |
||
| 270 |
_aVelur, _bPerambalur _e621104 |
||
| 300 |
_a134p. _c21cm (pbk) |
||
| 650 |
_aIncome tax _xLaw and legislation. |
||
| 942 |
_2ddc _cEN _mVEE _h343.54052 |
||
| 999 |
_c25190 _d25190 |
||